000 00644nam a2200205Ii 4500
003 JO-AjNU
008 230605s9999||||xx |||||||||||||| ||und||
040 _aJO-AjNU
_bara
_erda
_cJO-AjNU
041 _aara
050 1 4 _aPJ6660 2011
100 3 _aالزعبي، أمل,
_eauthor
_950621
245 0 0 _aمعجم الأسامي العربية
250 _aط1
264 3 1 _aعمان: دار الاسراء للنشر والتوزيع، 2011
300 _a290ص
336 _atext
_btxt
_2rdacontent
337 _aunmediated
_bn
_2rdamedia
338 _avolume
_bnc
_2rdacarrier
650 4 _aالاسماء العربية - معاجم
_950622
999 _aA22310
_c25878
_d25878